| 000 | 00000nam 2200000za 4500 |
| 001 | 9.841003 |
| 003 | CaOODSP |
| 005 | 20221107152001 |
| 007 | cr ||||||||||| |
| 008 | 170803s2016 sncad #o f000 0 eng d |
| 040 | |aCaOODSP|beng |
| 043 | |an-cn--- |
| 086 | 1 |aCC213-12/2016E-PDF |
| 245 | 04|aThe Canadian dairy sector looking forward |h[electronic resource]. |
| 246 | 1 |iAt head of title: |aFCC Ag economics |
| 260 | |a[Regina, Sask.] : |bFarm Credit Canada, |c2016. |
| 300 | |a5, [1] p. :|bcol. ill. |
| 500 | |aCover title. |
| 500 | |aAt head of title: FCC Ag economics. |
| 500 | |a"Spring 2016". |
| 500 | |aIssued also in French under title: Secteur laitier canadien tour d'horizon. |
| 520 | |a"Highlights: Canadian dairy consumption is projected to increase, largely driven by positive trends in consumption of specialty cheeses, yogurt and butter; With texts now available from recently signed trade deals, the sector has clarity on potential market access for foreign dairy products; Canadian dairy producers must manage increasing costs in light of new trends in milk prices to remain competitive; The top 20 per cent of Canadian producers have operating costs of no more than $0.55 for every $1.00 in revenue. The top 50 per cent have an additional $0.10 for every $1.00 in revenues"--Introd., p. 1. |
| 692 | 07|2gccst|aDairy industry |
| 692 | 07|2gccst|aAgriculture statistics |
| 692 | 07|2gccst|aEconomic forecasting |
| 710 | 2 |aFarm Credit Canada. |
| 775 | 08|tSecteur laitier canadien, tour d'horizon |w(CaOODSP)9.841035 |
| 856 | 40|qPDF|s794 KB|uhttps://publications.gc.ca/collections/collection_2017/fac-fcc/CC213-12-2016-eng.pdf |